JR東日本 ご当地発車メロディーがある駅 - Statistics

General Stats
  • This quiz has been taken 43 times
  • The average score is 109 of 142
Answer Stats
ヒント Answer % Correct
Around The World | ff(フォルティシモ) | すずめ踊り | 青葉城恋唄 仙台
100%
戸田
100%
あゝ上野駅 上野
100%
上尾市歌 上尾
100%
蒲田行進曲 蒲田
100%
電車ごっこ 国分寺
100%
ああ我が戸田市 北戸田
96%
戸田公園
96%
ここで君を待ってるよ | バラが咲いた | 石岡のお囃子 石岡
96%
めだかの学校 三鷹
96%
明日はきっといい日になる 秋田
96%
熊谷市歌 熊谷
96%
藤沢市歌 藤沢
96%
AIZUその名の情熱 会津若松
93%
It's a Small World | ホール・ニュー・ワールド 舞浜
93%
うなりくん、なう! 成田
93%
おねぎのマーチ 深谷
93%
カリフォルニアシャワー | 県民の歌 宇都宮
93%
モンダミンCM曲 神田
93%
一番星見つけた | 国分寺市の歌 西国分寺
93%
北上尾
93%
八戸小唄 八戸
93%
鉄腕アトム 高田馬場
93%
雅楽谷の森~蓮田のタカラ~ 蓮田
93%
Over 蘇我
89%
We Love Marines 海浜幕張
89%
おさるのかごや 小田原
89%
キセキ | 扉 郡山
89%
ビックカメラCM曲 池袋
89%
フラガール〜虹を〜 いわき
89%
夕焼けこやけ 八王子
89%
希望の轍 茅ケ崎
89%
新庄囃子 新庄
89%
栃木市民の歌 栃木
89%
熱き星たちよ 関内
89%
第三の男 恵比寿
89%
証城寺の狸囃子 木更津
89%
闘魂こめて 水道橋
89%
平塚
85%
ふる里 みなかみ 水上
85%
信濃の国 長野
85%
栄冠は君に輝く | 高原列車は行く 福島
85%
籠原
85%
花笠音頭 山形
85%
新座
85%
RYUとぴあ音頭 | かえるの合唱 | 白鳥の湖 龍ケ崎市
81%
武蔵小金井
81%
ねぶた囃子 新青森
81%
みかんの花咲く丘 国府津
81%
オー・シャンゼリゼ | グリーン・グリーン 牛久
81%
白石市民歌 | 白石音頭 白石蔵王
81%
相馬流れ山 原ノ町
81%
日立
78%
さくらさくら 駒込
78%
伊東
78%
ダイジョウブ 盛岡
78%
友部
78%
銀河鉄道999 淵野辺
78%
阿波踊り 高円寺
78%
土浦
78%
Forever Love 館山
74%
Great Messenger | さらば青春の光 高崎
74%
HANDS ~大きな手から小さな手へ~ 鴻巣
74%
Vamos Ardija | 希望のまち 大宮
74%
たき火 豊田
74%
宇佐美
74%
今宵の月のように | 俺たちの明日 赤羽
74%
夢の空 | 秋田おばこ節 大曲
74%
羽ばたけ楽天イーグルス 宮城野原
74%
神立
74%
KEEP ON RISING 浦和
70%
きりたんぽ物語 | ハチ公物語 大館
70%
チューリップ 前橋
70%
七つの子 磯原
70%
さいたま新都心
70%
与野
70%
北浦和
70%
朧月夜 二宮
70%
浜辺の歌 辻堂
70%
風の贈り物 荒川沖
70%
北鴻巣
67%
あしたの風とひとつになって 高萩
67%
常陸多賀
67%
上を向いて歩こう 川崎
67%
夢伝説 行田
67%
渡良瀬橋 足利
67%
青い山脈 横手
67%
We are F・Marinos 小机
63%
シャボン玉 湯本
63%
君は天然色 水沢江刺
63%
雨のステイション 西立川
63%
吹上
59%
いつでも夢を | 恋のメキシカン・ロック 大甕
59%
十王
59%
たなばたさま 阿佐ケ谷
59%
津軽じょんがら節 弘前
59%
南越谷
59%
集まれ!踊り人 北朝霞
59%
fine day! あしかがフラワーパーク
56%
レットキス(ジェンカ) | 幸せなら手をたたこう 岩間
56%
星めぐりの歌 新花巻
56%
武田節 石和温泉
56%
小木津
52%
後閑
52%
笠間
52%
八木節 桐生
52%
夕暮れ時はさびしそう 一ノ関
52%
故郷 飯山
44%
とんぼのめがね 広野
37%
夏は来ぬ 上越妙高
37%
秋田船形節 男鹿
26%
汽車 村上
15%
No matching quizzes found
Score Distribution
Percent of People with Each Score
Percentile by Number Answered
Your Score History
You have not taken this quiz